<?xml version="1.0" encoding="UTF-8"?>
<record
    xmlns:xsi="http://www.w3.org/2001/XMLSchema-instance"
    xsi:schemaLocation="http://www.loc.gov/MARC21/slim http://www.loc.gov/standards/marcxml/schema/MARC21slim.xsd"
    xmlns="http://www.loc.gov/MARC21/slim">

  <leader>02445nam a2200301 i 4500</leader>
  <controlfield tag="003">DO-SdBNP</controlfield>
  <controlfield tag="005">20240708111948.0</controlfield>
  <controlfield tag="007">ta</controlfield>
  <controlfield tag="008">240708s2000    sp            000 j spa d</controlfield>
  <datafield tag="020" ind1=" " ind2=" ">
    <subfield code="a">8483101548</subfield>
  </datafield>
  <datafield tag="040" ind1=" " ind2=" ">
    <subfield code="a">DO-SdBNP</subfield>
    <subfield code="b">spa</subfield>
    <subfield code="c">BNPHU</subfield>
    <subfield code="e">rda</subfield>
  </datafield>
  <datafield tag="082" ind1=" " ind2=" ">
    <subfield code="b">U66</subfield>
    <subfield code="2">22</subfield>
  </datafield>
  <datafield tag="100" ind1=" " ind2=" ">
    <subfield code="a">Updike, John</subfield>
    <subfield code="9">11765</subfield>
    <subfield code="e">autor</subfield>
    <subfield code="d">1932-2009</subfield>
  </datafield>
  <datafield tag="240" ind1="1" ind2="0">
    <subfield code="a">Gertrude and Claudius /</subfield>
  </datafield>
  <datafield tag="245" ind1="1" ind2="0">
    <subfield code="a">Gertrudis y Claudio /</subfield>
    <subfield code="c">John Updike ; traducci&#xF3;n Jordi Fibla</subfield>
  </datafield>
  <datafield tag="264" ind1=" " ind2="1">
    <subfield code="a">Barcelona, Espa&#xF1;a :</subfield>
    <subfield code="b">TusQuets editores,</subfield>
    <subfield code="c">2000.</subfield>
  </datafield>
  <datafield tag="300" ind1=" " ind2=" ">
    <subfield code="a">232 p&#xE1;ginas,  </subfield>
    <subfield code="c">21 cm.</subfield>
  </datafield>
  <datafield tag="336" ind1=" " ind2=" ">
    <subfield code="2">rdacontent</subfield>
    <subfield code="a">texto</subfield>
    <subfield code="b">txt</subfield>
  </datafield>
  <datafield tag="337" ind1=" " ind2=" ">
    <subfield code="2">rdamedia</subfield>
    <subfield code="a">sin mediaci&#xF3;n </subfield>
    <subfield code="b">n</subfield>
  </datafield>
  <datafield tag="338" ind1=" " ind2=" ">
    <subfield code="2">rdacarrier</subfield>
    <subfield code="a">volumen</subfield>
    <subfield code="b">nc</subfield>
  </datafield>
  <datafield tag="490" ind1="1" ind2=" ">
    <subfield code="a">Andanzas</subfield>
    <subfield code="v">426</subfield>
  </datafield>
  <datafield tag="500" ind1=" " ind2=" ">
    <subfield code="a">Incluye datos biograf&#xED;cos del autor en la solapa de la portada. </subfield>
  </datafield>
  <datafield tag="520" ind1=" " ind2=" ">
    <subfield code="a">Por fortuna, John Updike es ya un habitual de nuestro cat&#xE1;logo, pues cada uno de sus libros depara una grata sorpresa: si en Hacia el final del tiempo (Andanzas 393) ambientaba la acci&#xF3;n en el a&#xF1;o 2020 y nos brindaba as&#xED; una compleja met&#xE1;fora de la sociedad que se nos avecina, en Gertrudis y Claudio, reyes de Dinamarca, recrea ni m&#xE1;s ni menos que el turbulento y a la vez apasionante mundo de las sagas n&#xF3;rdicas en que siglos m&#xE1;s tarde William Shakespeare se inspirar&#xED;a para escribir la tragedia de Hamlet.     La tragedia Hamlet, de Shakespeare, comienza cuando el espectro del rey de Dinamarca, que acaba de morir asesinado por su hermano Claudio, se le aparece a su hijo Hamlet clamando venganza. Updike, en cambio, se remonta en la leyenda y nos adentra en un drama anterior, el de la pasi&#xF3;n de Claudio por Gertrudis, esposa del rey asesinado y madre de Hamlet. La joven princesa Gertrudis, obedeciendo &#xF3;rdenes paternas, se hab&#xED;a casado sin amar a su futuro marido y no pudo evitar enamorarse perdidamente de su melanc&#xF3;lico y so&#xF1;ador cu&#xF1;ado. Durante trece a&#xF1;os Claudio y Gertrudis, locos de amor, reprimieron la explosi&#xF3;n de sus sentimientos. Envueltos en la envidia, los celos desgarrados y las indecisiones, pudo m&#xE1;s la pasi&#xF3;n. Al contarnos el origen de la tragedia hamletiana, Updike arroja ir&#xF3;nicamente una luz nueva no s&#xF3;lo sobre el hosco resentimiento de Hamlet, sino tambi&#xE9;n sobre las razones que condujeron a gente tan docta y sabia a una sucesi&#xF3;n de muertes irracionales.</subfield>
  </datafield>
  <datafield tag="590" ind1=" " ind2=" ">
    <subfield code="a">Inventariado, 2024/ YL</subfield>
  </datafield>
  <datafield tag="700" ind1=" " ind2=" ">
    <subfield code="a">Fibla,  Jordi</subfield>
    <subfield code="e">traducci&#xF3;n </subfield>
    <subfield code="9">11174</subfield>
  </datafield>
  <datafield tag="910" ind1=" " ind2=" ">
    <subfield code="a">YLockward</subfield>
  </datafield>
  <datafield tag="942" ind1=" " ind2=" ">
    <subfield code="2">ddc</subfield>
    <subfield code="c">LBS1</subfield>
  </datafield>
  <datafield tag="952" ind1=" " ind2=" ">
    <subfield code="0">0</subfield>
    <subfield code="1">0</subfield>
    <subfield code="2">ddc</subfield>
    <subfield code="5">6</subfield>
    <subfield code="7">0</subfield>
    <subfield code="8">GR</subfield>
    <subfield code="a">BNPHU</subfield>
    <subfield code="b">BNPHU</subfield>
    <subfield code="c">CT</subfield>
    <subfield code="d">2008-07-01</subfield>
    <subfield code="e">Donaci&#xF3;n </subfield>
    <subfield code="l">0</subfield>
    <subfield code="o">U66</subfield>
    <subfield code="p">2024-4258</subfield>
    <subfield code="r">2024-07-08</subfield>
    <subfield code="w">2024-07-08</subfield>
    <subfield code="y">LBS1</subfield>
  </datafield>
  <datafield tag="999" ind1=" " ind2=" ">
    <subfield code="c">57199</subfield>
    <subfield code="d">57199</subfield>
  </datafield>
</record>
